Applied functional analysis / (Record no. 20334)

MARC details
000 -LEADER
fixed length control field 01210cam a22003135i 4500
001 - CONTROL NUMBER
control field 15996644
003 - CONTROL NUMBER IDENTIFIER
control field EG-ScBUE
005 - DATE AND TIME OF LATEST TRANSACTION
control field 20241021093918.0
008 - FIXED-LENGTH DATA ELEMENTS--GENERAL INFORMATION
fixed length control field 091125t2010 flua f b 001 0 eng d
020 ## - INTERNATIONAL STANDARD BOOK NUMBER
International Standard Book Number 9781420091953 (hardcover : alk. paper)
040 ## - CATALOGING SOURCE
Original cataloging agency DLC
Language of cataloging eng
Description conventions rda
Transcribing agency DLC
Modifying agency YDX
-- YDXCP
-- BWX
-- CDX
-- DLC
-- EG-ScBUE
-- EG-ScBUE
082 04 - DEWEY DECIMAL CLASSIFICATION NUMBER
Classification number 515.7
Item number ODE
Edition number 22
100 1# - MAIN ENTRY--PERSONAL NAME
Personal name Oden, J. Tinsley
Fuller form of name (John Tinsley),
Dates associated with a name 1936-
Relator term author.
9 (RLIN) 39252
245 10 - TITLE STATEMENT
Title Applied functional analysis /
Statement of responsibility, etc J. Tinsley Oden, Leszek F. Demkowicz Institute for Computational Engineering and Sciences (ICES), The University of Texas at Austin.
250 ## - EDITION STATEMENT
Edition statement SEcond edition.
264 #1 - PUBLICATION, DISTRIBUTION, ETC. (IMPRINT)
Place of publication, distribution, etc Boca Raton :
Name of publisher, distributor, etc Chapman & Hall / CRC / Taylor & Francis Group,
Date of publication, distribution, etc [2010]
264 #4 - PUBLICATION, DISTRIBUTION, ETC. (IMPRINT)
Date of publication, distribution, etc c2010
300 ## - PHYSICAL DESCRIPTION
Extent xvii, 578 pages :
Other physical details illustrations ;
Dimensions 26 cm
336 ## - CONTENT TYPE
Source rdacontent
Content type term text
Content type code txt
337 ## - MEDIA TYPE
Source rdamedia
Media type term unmediated
Media type code n
338 ## - CARRIER TYPE
Source rdacarrier
Carrier type term volume
Carrier type code nc
500 ## - GENERAL NOTE
General note Includes appendix.
504 ## - BIBLIOGRAPHY, ETC. NOTE
Bibliography, etc Includes bibliographical references and index.<br/>
650 #7 - SUBJECT ADDED ENTRY--TOPICAL TERM
Topical term or geographic name as entry element Functional analysis.
Source of heading or term BUEsh
9 (RLIN) 6879
653 ## - INDEX TERM--UNCONTROLLED
Resource For college Engineering, General
Arrived date list July2015
-- February2016
655 ## - INDEX TERM--GENRE/FORM
Form subdivision Reading book
700 1# - ADDED ENTRY--PERSONAL NAME
Personal name Demkowicz, Leszek,
Relator term author.
942 ## - ADDED ENTRY ELEMENTS (KOHA)
Source of classification or shelving scheme Dewey Decimal Classification
Koha item type Book - Borrowing
Holdings
Withdrawn status Lost status Source of classification or shelving scheme Damaged status Not for loan Collection code Home library Current library Shelving location Date acquired Source of acquisition Cost, normal purchase price Serial Enumeration / chronology Total Checkouts Full call number Barcode Date last seen Cost, replacement price Koha item type
    Dewey Decimal Classification     Baccah Central Library Central Library First floor 09/07/2015 Purchase 795.00 21782   515.7 ODE 000039388 15/07/2025 994.00 Book - Borrowing